000 00320 a2200145 4500
001 164596
020 _a
040 _cMagnum
100 _aAbramovay, Miriam (Coord.)
240 1 0 _aEnsino medio: multiplas vozes
_lpor
245 1 0 _aEnsino medio: multiplas vozes
362 0 _a1899
697 _aENSINO
942 _cBK
999 _c164596
_d164596